000 02129 a2200253 4500
020 _a0075612747
020 _a9780075612742
082 0 4 _a658.15
090 _c2578
_d2578
100 1 _aRoss, Stephen A.
245 1 0 _aFundamentals of corporate finance /
_cStephen A. Ross.
250 _a4th ed.
260 _a[S.l.] :
_bRichard D Irwin,
_c1997.
300 _a708 p. ;
_c26 cm.
490 1 _aIrwin/mcgraw-hill series in finance.
500 _aHardcover.
520 _aThe best-selling "Fundamentals of Corporate Finance" (FCF) is written with one strongly held principle - that corporate finance should be developed and taught in terms of a few integrated, powerful ideas. As such, there are three basic themes that are the central focus of the book: an emphasis on intuition - underlying ideas are discussed in general terms and then by way of examples that illustrate in more concrete terms how a financial manager might proceed in a given situation; an unified valuation approach - net present value (NPV) is treated as the basic concept underlying corporate finance. Every subject covered is firmly rooted in valuation, and care is taken to explain how particular decisions have valuation effects; and a managerial focus - the authors emphasize the role of the financial manager as decision maker, and they stress the need for managerial input and judgment. The Ninth Edition continues the tradition of excellence that has earned "Fundamentals of Corporate Finance" its status as market leader. Every chapter has been updated to provide the most current examples that reflect corporate finance in today's world. The supplements package has been updated and improved, and with the new Excel Master online tool, student and instructor support has never been stronger.
700 1 _aWesterfield, Randolph.
700 1 _aJordan, Bradford D.
830 0 _aIrwin/mcgraw-hill series in finance.
856 4 0 _3Amazon.com
_uhttp://www.amazon.com/exec/obidos/ASIN/0075612747/chopaconline-20
856 4 0 _3Amazon customer reviews
_uhttp://www.chopac.org/cgi-bin/tools/azrev.pl?q=0075612747
942 _aNBS
_cBK
_k658.15 ROS
999 _c345073
_d345073